Witamy w Bibliotece Naukowej Instytutu Łączności!

Poligrafia : (Rekord nr 11914)

000 -LEADER
fixed length control field 01884cam a2200553 i 4500
001 - CONTROL NUMBER
control field vtls000149913
003 - CONTROL NUMBER IDENTIFIER
control field NUKAT
005 - DATE AND TIME OF LATEST TRANSACTION
control field 20181205133005.0
008 - FIXED-LENGTH DATA ELEMENTS--GENERAL INFORMATION
fixed length control field 030609s1980 gw g d |000 0 pol c
020 ## - INTERNATIONAL STANDARD BOOK NUMBER
International Standard Book Number 8320401917
035 ## - SYSTEM CONTROL NUMBER
System control number zz2003948354
039 #9 - LEVEL OF BIBLIOGRAPHIC CONTROL AND CODING DETAIL [OBSOLETE]
Level of rules in bibliographic description 201810241357
Level of effort used to assign nonsubject heading access points vsggw
Level of effort used to assign subject headings 201607271258
Level of effort used to assign classification vpw
Level of effort used to assign subject headings 201605100942
Level of effort used to assign classification kopumk
Level of effort used to assign subject headings 201507290111
Level of effort used to assign classification VLOAD
040 ## - CATALOGING SOURCE
Original cataloging agency GD U/AJ
Transcribing agency GD U/AJ
Modifying agency GD U/AJ
-- GD U/JDs
-- GL 001/FAN
041 0# - LANGUAGE CODE
Language code of text/sound track or separate title pol
-- mul
044 ## - COUNTRY OF PUBLISHING/PRODUCING ENTITY CODE
MARC country code gw
-- pl
245 00 - TITLE STATEMENT
Title Poligrafia :
Remainder of title słownik techniczny angielsko-niemiecko-francusko-rosyjsko-hiszpańsko-polsko-węgiersko-słowacki /
Statement of responsibility, etc pod red. Wolfganga Müllera ; [aut. Wolfgang Müller et al.].
246 18 - VARYING FORM OF TITLE
Title proper/short title Słownik techniczny :
Remainder of title poligrafia
260 ## - PUBLICATION, DISTRIBUTION, ETC. (IMPRINT)
Place of publication, distribution, etc Berlin :
Name of publisher, distributor, etc VEB Verlag Technik ;
Place of publication, distribution, etc Warszawa :
Name of publisher, distributor, etc Wydawnictwa Naukowo-Techniczne,
Date of publication, distribution, etc cop. 1980.
300 ## - PHYSICAL DESCRIPTION
Extent 1020 s. ;
Dimensions 25 cm.
510 4# - CITATION/REFERENCES NOTE
Name of source PB'1981,
Location within source 3459.
650 ## - SUBJECT ADDED ENTRY--TOPICAL TERM
Topical term or geographic name as entry element Drukarstwo
Form subdivision słowniki wielojęzyczne.
951 ## - EQUIVALENCE OR CROSS-REFERENCE-GEOGRAPHIC NAME/AREA NAME [OBSOLETE] [CAN/MARC only]
Geographic name KIEL_010
700 1# - ADDED ENTRY--PERSONAL NAME
Personal name Müller, Wolfgang
Dates associated with a name (1929- ).
Relator term Red.
710 2# - ADDED ENTRY--CORPORATE NAME
Corporate name or jurisdiction name as entry element Wydawnictwa Naukowo-Techniczne.
Relator code pbl
9 (RLIN) 19
982 ## - EQUIVALENCE OR CROSS-REFERENCE-SERIES STATEMENT--CONFERENCE OR MEETING NAME/TITLE [LOCAL, CANADA]
Meeting name or jurisdiction name as entry element BYDG_22 BYDG_24
942 ## - ADDED ENTRY ELEMENTS (KOHA)
Source of classification or shelving scheme
Koha item type Książki
956 ## - LOCAL ELECTRONIC LOCATION AND ACCESS (OCLC)
Host name KR_119
960 ## - PHYSICAL LOCATION (RLIN)
Physical location, PLOC (RLIN) GD_87 GD_U
967 ## - ADDITIONAL ESTC CODES (RLIN)
GNR (RLIN) LUBL_U
980 ## - EQUIVALENCE OR CROSS-REFERENCE-SERIES STATEMENT--PERSONAL NAME/TITLE [LOCAL, CANADA]
Personal name SZCZ_ZUT
Egzemplarze
Withdrawn status Lost status Source of classification or shelving scheme Damaged status Not for loan Permanent Location Current Location Shelving location Date acquired Inventory number Full call number Barcode Date last seen Price effective from Koha item type
        Nie do wypożyczenia Instytut Łączności Instytut Łączności Księgozbiór Podręczny 1981-10-09 33320 33320 Podr. 33320 Podr. 2022-07-28 2017-11-30 Książki

Działa dzięki Koha